00446 a2200145 4500020001600000050002000016100002200036245008800058264005900146300002100205500001900226650002100245700001900266700001500285 a01920165045 aGV1713.PHA 2007 aFeneysey , Lerato aArts and culture:bgrade 9 learner's book.,cL Feneysey, C Richardson and M Malunga aLimpopo:bKalahari productions and booksellers.,c2007 aviii., 207 pages aIncludes index aArts and culture a C Richardson  a M Malunga